[Event "Oberwart Open"]
[Site "Oberwart AUT"]
[Date "2011.07.14"]
[Round "6"]
[White "Titz,Hei"]
[Black "Lizak,P"]
[Result "0-1"]
[WhiteElo "2161"]
[BlackElo "2391"]

1.c4 e5 2.g3 Nf6 3.Bg2 Nc6 4.Nc3 Bc5 5.e3 O-O 6.Nge2 d6 7.O-O Bb6 8.d3 Bf5
9.h3 h6 10.Kh2 Re8 11.a3 e4 12.d4 Ne7 13.f4 exf3 14.Bxf3 c6 15.e4 Bh7 16.g4 d5
17.cxd5 cxd5 18.e5 Ne4 19.Bxe4 Bxe4 20.Be3 Nc6 21.Bf2 Qg5 22.Qc1 Qe7 23.Nxe4 dxe4
24.Qf4 Qe6 25.Qxe4 Qb3 26.Kg1 Qxh3 27.Rad1 Qb3 28.Rd3 Qc4 29.b3 Qe6 30.Kg2 Rad8
31.Qf3 Qd5 32.Rfd1 Qxf3+ 33.Kxf3 Rd7 34.Be3 f6 35.exf6 Rf7 36.g5 hxg5 37.Bxg5 Bd8
38.Kf2 Bxf6 39.Bxf6 Rxf6+ 40.Rf3 Rh6 41.Nf4 Re4 42.Kg3 Nxd4 43.Rfd3 Ne2+
44.Nxe2 Rxe2 45.Rc1 Re7 46.Rf3 Rg6+ 47.Kf2 Rf6 48.Rxf6 gxf6 49.Kf3 Kf7 50.Kf4 Rd7
51.Rc3 Ke7 52.Re3+ Kd8 53.Kf5 Rd6 54.Rc3 Kd7 55.b4 Rc6 56.Rh3 Kc7 57.Rh7+ Kb6
58.Rf7 Rc3 59.a4 Rf3+ 60.Ke4 Rf1 61.Kd5 Rf4 62.a5+ Ka6 63.Kc5 b6+ 64.axb6 axb6+
65.Kc6 Rc4+ 66.Kd5 Rf4 67.Kc6 Rc4+ 68.Kd5 Kb5 69.Rxf6 Rxb4 70.Rf1 Rb2 71.Kd4 Kb4
72.Kd3 b5 73.Ra1 Kb3 74.Ra8 Rb1 75.Kd2 b4 76.Rh8 Kb2 77.Rh2 b3 78.Kd3+ Ka3
79.Rh8 Rc1 80.Ra8+ Kb2 81.Kd2 Rc5 82.Rd8 Kb1 83.Ra8 b2 84.Ra7 Rd5+  0-1

[Event "3rd International Open"]
[Site "Rethymno GRE"]
[Date "2011.07.14"]
[Round "5"]
[White "Georgiou,K"]
[Black "Bosiocic,Mari"]
[Result "0-1"]
[WhiteElo "2256"]
[BlackElo "2573"]

1.c4 e5 2.g3 Nc6 3.Bg2 Bc5 4.Nc3 a6 5.e3 Ba7 6.Nge2 d6 7.O-O h5 8.d4 h4 9.b4 hxg3
10.fxg3 Bg4 11.b5 Nxd4 12.Bxb7 Rb8 13.Nxd4 Qg5 14.Bc6+ Kf8 15.h4 Qg6 16.Qc2 Qh5
17.Nf3 Rh6 18.Ng5 f6 19.Bd5 Ne7 20.Bf7 Ng6 21.bxa6 Rd8 22.Rb1 Rd7 23.Rb7 Rxf7
24.Nxf7 Kxf7 25.Rxc7+ Kg8 26.Rxa7 Nxh4 27.Ra8+ Kf7 28.Qa4 Nf3+  0-1

[Event "Najdorf Memorial"]
[Site "Warsaw POL"]
[Date "2011.07.14"]
[Round "1.37"]
[White "Janczarski,M"]
[Black "Grygierczyk,W"]
[Result "1-0"]
[WhiteElo "2316"]
[BlackElo "2040"]

1.c4 e5 2.g3 Nf6 3.Bg2 d5 4.cxd5 Nxd5 5.Nf3 Nc6 6.O-O Be7 7.d3 O-O 8.a3 Be6
9.b4 f6 10.Bb2 Qd7 11.Nbd2 Kh8 12.Rc1 a6 13.Re1 Rad8 14.Nb3 Rfe8 15.Qc2 Nb6
16.Nc5 Bxc5 17.bxc5 Nd5 18.Ba1 Qf7 19.Rb1 Rb8 20.d4 exd4 21.Nxd4 Nxd4 22.Bxd4 Qh5
23.e4 Ne7 24.e5 Bf5 25.Qb2 Bxb1 26.exf6 Bf5 27.fxe7 Qf7 28.Qe2 c6 29.Qe5 Rbc8
30.h3 Qf6 31.Qxf6 gxf6 32.g4 Bd3 33.g5 Kg8 34.gxf6 Kf7 35.Re3 Bc4 36.Bf3 Rg8+
37.Kh2 Kg6 38.Bg4 Ra8 39.Rg3 Kf7 40.Bh5+ Ke6 41.Rxg8 Rxg8 42.e8=Q+ Rxe8 43.Bxe8  1-0

[Event "Najdorf Memorial"]
[Site "Warsaw POL"]
[Date "2011.07.14"]
[Round "2.10"]
[White "Piorun,K"]
[Black "Adamski,J"]
[Result "1/2-1/2"]
[WhiteElo "2514"]
[BlackElo "2289"]

1.c4 e5 2.g3 Nf6 3.Bg2 h6 4.Nc3 Bb4 5.e4 Bxc3 6.bxc3 O-O 7.Ne2 Re8 8.O-O c6
9.d4 d6 10.Qd3 b6 11.Rd1 Qc7 12.f4 Ba6 13.h3 Nbd7 14.g4 Rad8 15.Ng3 exf4
16.Bxf4 Ne5 17.Qc2 Ng6 18.Qf2 Nxf4 19.Qxf4 Bxc4 20.Nf5 Nh7 21.h4 Be6 22.Ne3 Qe7
23.Qg3 c5  1/2-1/2

[Event "SPA Open A"]
[Site "Amsterdam NED"]
[Date "2011.07.15"]
[Round "7"]
[White "White,K"]
[Black "Van der Lende,I"]
[Result "0-1"]
[WhiteElo "2104"]
[BlackElo "2141"]

1.c4 e5 2.g3 c6 3.Bg2 Nf6 4.d4 exd4 5.Qxd4 d5 6.Nf3 Be7 7.cxd5 cxd5 8.Nc3 Nc6
9.Qa4 O-O 10.O-O Qb6 11.Qb5 d4 12.Qxb6 axb6 13.Nb5 Rd8 14.Bf4 Be6 15.Bc7 Rd5
16.Nfxd4 Nxd4 17.Nxd4 Rxd4 18.Bxb7 Rxa2 19.Rxa2 Bxa2 20.Ra1 Rd7  0-1

[Event "10th Condom Open A"]
[Site "Condom FRA"]
[Date "2011.07.15"]
[Round "8.8"]
[White "Wohl,A"]
[Black "Forgues,F"]
[Result "1-0"]
[WhiteElo "2405"]
[BlackElo "2175"]

1.g3 e5 2.c4 g6 3.d4 d6 4.Nf3 Bg7 5.Bg5 f6 6.Be3 Ne7 7.Nc3 Nf5 8.Bc1 O-O
9.h4 Re8 10.Bg2 e4 11.Ng1 e3 12.Nf3 Bh6 13.Bh3 c6 14.Bxf5 Bxf5 15.Bxe3 Bxe3
16.fxe3 Rxe3 17.Qd2 Qe8 18.Kf2 Re7 19.Qf4 Qd7 20.Rhg1 h5 21.Nh2 Bg4 22.Ne4 Qe6
23.Nxg4 hxg4 24.Nc3 d5 25.Rgf1 Nd7 26.cxd5 cxd5 27.Kg2 Kg7 28.Rae1 f5 29.h5 Rh8
30.hxg6 Kxg6 31.Rh1 Rxh1 32.Rxh1 Rh7 33.Rxh7 Kxh7 34.Kh1 Nf6 35.Kg2 Qc6 36.Qe5 Qc4
37.Qe3 a6 38.b3 Qc7 39.Na4 b6 40.Qe6  1-0

[Event "III Corporation Cup A"]
[Site "Izhevsk RUS"]
[Date "2011.07.15"]
[Round "1"]
[White "Vasilevich,I"]
[Black "Kostitsina,L"]
[Result "1-0"]
[WhiteElo "2367"]
[BlackElo "2017"]

1.c4 e5 2.g3 g6 3.Bg2 Bg7 4.Nc3 Nc6 5.Rb1 f5 6.b4 Nf6 7.b5 Ne7 8.Qb3 O-O
9.d3 h6 10.f4 d6 11.Nh3 Ng4 12.O-O Kh7 13.Kh1 Ng8 14.e4 N8f6 15.Bd2 Nh5 16.Rbe1 Rb8
17.Nd5 Be6 18.Qa3 a6 19.bxa6 Ra8 20.a7 Bxd5 21.cxd5 exf4 22.Nxf4 Nxf4 23.Bxf4 Bd4
24.Re2 Rxa7 25.Qb4 Bc5 26.Qb2 Qf6 27.exf5 Qxb2 28.fxg6+ Kg7 29.Rxb2 Rfa8
30.h3 Ne3 31.Bxe3 Bxe3 32.Re2 Bb6 33.Re7+ Kg8 34.h4 Rxa2 35.Bh3 Rf2 36.Rxf2 Bxf2
37.Be6+  1-0

[Event "Opatija Summer Open"]
[Site "Opatija CRO"]
[Date "2011.07.15"]
[Round "5.6"]
[White "Tica,Sven"]
[Black "Pejic,Ir"]
[Result "1/2-1/2"]
[WhiteElo "1687"]
[BlackElo "2097"]

1.c4 e5 2.g3 Nc6 3.Bg2 Bc5 4.e3 d6 5.Ne2 Bf5 6.d4 exd4 7.exd4 Bb6 8.Nbc3 Nge7
9.O-O O-O 10.Be3 a6 11.Qd2 Qd7 12.Nf4 h6 13.a3 Na5 14.Qe2 Nb3 15.Rad1 Nc6
16.d5 Ncd4 17.Rxd4 Bxd4 18.Bxd4 Nxd4 19.Qd1 c5 20.dxc6 Nxc6 21.Ncd5 Rae8
22.Nh5 Qd8 23.Qb3 Bg6 24.Nhf4 Qc8 25.Bh3 Qd8 26.Qxb7 Nb8 27.Nxg6 fxg6 28.Nf4 Rf6
29.Rd1 Re5 30.c5 Qf8 31.cxd6 Rxd6 32.Rxd6 Qxd6 33.Nxg6 Qxg6 34.Qxb8+ Re8
35.Qb3+ Kh8 36.Qc4 a5 37.Qb5 Qb1+ 38.Bf1 Qe1 39.b4 axb4 40.Qxb4 Qxb4 41.axb4 Re4
42.b5 g5 43.Kg2 Kg7 44.Kf3 Rb4 45.Ke3 Kf6 46.h3 Ke5 47.Kf3 Rb3+ 48.Kg4 Rb1
49.f4+ Kf6 50.fxg5+ hxg5 51.Bd3 Rb3 52.Be2 Rb2 53.Bf1 Rb1 54.Bd3 Rb3 55.Bf1 Rb1
56.Be2 Rb2  1/2-1/2

[Event "3rd International Open"]
[Site "Rethymno GRE"]
[Date "2011.07.15"]
[Round "6"]
[White "Bosiocic,Mari"]
[Black "Faibisovich,V"]
[Result "1-0"]
[WhiteElo "2573"]
[BlackElo "2409"]

1.c4 e5 2.g3 Nf6 3.Bg2 d5 4.cxd5 Nxd5 5.Nc3 Nb6 6.Nf3 Nc6 7.O-O Be7 8.a3 a5
9.b3 O-O 10.Bb2 Be6 11.d3 f6 12.Nd2 Qd7 13.Re1 Rfb8 14.Rc1 Nd4 15.e3 Nf5
16.Qc2 c5 17.Nc4 Ra6 18.a4 Nc8 19.Ne4 b5 20.axb5 Qxb5 21.Ned2 Na7 22.Ra1 Nc6
23.Bxc6 Qxc6 24.Bc3 Nd6 25.Nxa5 Qc7 26.Nac4 Rxa1 27.Rxa1 Nb5 28.Bb2 Qc6 29.Ne4 Nc7
30.Nc3 Nd5 31.Nxd5 Bxd5 32.e4 Be6 33.f3 Qb7 34.Ra3 Rd8 35.Kf2 Bf8 36.g4 Ra8
37.Rxa8 Qxa8 38.Bc1 Qa1 39.Qb2 Qxb2+ 40.Bxb2 Kf7 41.Ke2 g5 42.Kd2 Ke8 43.Kc3 Kd7
44.Ne3 Kc6 45.Ba3 Be7 46.Nf1 Kd7 47.Ng3 Bf7 48.Bc1 Bd8 49.Be3 Ba5+ 50.Kc2 Bb4
51.Bf2 Bg6 52.Be3 Bf7 53.Nf5 h5 54.Ng7 h4 55.Bc1 Be1 56.Ba3 Bf2 57.h3 Bd4
58.Bc1 Bf2 59.Bd2 Bd4 60.Ba5 Bg8 61.Bb6 Bf7 62.Nf5 Ke6 63.Ba7 Bg6 64.b4 cxb4
65.Nxd4+ exd4 66.Kb3 Bf7 67.Bxd4 Ke7+ 68.Kxb4 Ba2 69.Kc3 Be6 70.Kd2 Bc8 71.Ke3 Ba6
72.Bc5+ Kf7 73.d4 Bf1 74.d5 Bc4 75.Bb6 Ke7 76.Ba5 Kf7 77.Bd8 Bf1 78.e5 fxe5
79.Bxg5 Bxh3 80.Bxh4  1-0

[Event "3rd International Open"]
[Site "Rethymno GRE"]
[Date "2011.07.15"]
[Round "6"]
[White "Stubberud,O"]
[Black "Milonakis,G"]
[Result "1-0"]
[WhiteElo "2322"]
[BlackElo "2176"]

1.c4 e5 2.g3 Nf6 3.Bg2 Nc6 4.Nc3 Bc5 5.e3 O-O 6.a3 a5 7.Nge2 Re8 8.O-O Bf8
9.d4 d6 10.d5 Nb8 11.Rb1 Bd7 12.b4 axb4 13.axb4 Na6 14.Ba3 Qc8 15.Qb3 Bh3
16.e4 Qg4 17.f3 Qh5 18.Bxh3 Qxh3 19.Nd1 g6 20.Nf2 Qd7 21.Nd3 Bh6 22.Kg2 b6
23.Bc1 Bxc1 24.Rfxc1 Ra7 25.Nc3 Qe7 26.Nb5 Rb7 27.Qa4 Ra8 28.Ra1 Ne8 29.Qd1 Qd7
30.Qb3 c6 31.dxc6 Qxc6 32.Nc3 Nac7 33.Nd5 Qd7 34.Rxa8 Nxa8 35.Ra1 Nac7 36.Nf2 Nxd5
37.exd5 Ra7 38.Rxa7 Qxa7 39.Ne4 Kg7 40.Qb2 f5 41.Nxd6 Nxd6 42.Qxe5+ Kh6 43.Qf4+ Kg7
44.Qxd6 Qa2+ 45.Kh3 Qxc4 46.Qe5+ Kh6 47.Qe3+ Kg7 48.d6 Qf1+ 49.Kh4 Qc4+ 50.g4 fxg4
51.fxg4 h5 52.h3 hxg4 53.hxg4 Qd5 54.Qe7+ Kh8 55.d7 g5+ 56.Kh5 Qh1+ 57.Kg6 Qb1+
58.Kf7 Qh7+ 59.Kf6  1-0

[Event "34th Taminco Open"]
[Site "Ghent BEL"]
[Date "2011.07.16"]
[Round "2.8"]
[White "Van Hoecke,Luc"]
[Black "Docx,S"]
[Result "0-1"]
[WhiteElo "1905"]
[BlackElo "2330"]

1.c4 e5 2.g3 Nf6 3.Bg2 d5 4.cxd5 Nxd5 5.Nc3 Nb6 6.Nf3 Nc6 7.O-O Be7 8.d3 O-O
9.Be3 Re8 10.Qc1 Bf8 11.Ne4 Nd4 12.Re1 c6 13.Nc5 Nxf3+ 14.Bxf3 Nd5 15.Bd2 Kh8
16.a3 f5 17.b4 a6 18.Qc2 Nc7 19.e3 Ne6 20.Nb3 Ng5 21.Bg2 e4 22.Nd4 Bd6 23.h4 exd3
24.Qxd3 Ne4 25.Bc1 a5 26.Rb1 axb4 27.axb4 Ra2 28.Re2 Rxe2 29.Nxe2 Nxf2  0-1

[Event "Oberwart Open"]
[Site "Oberwart AUT"]
[Date "2011.07.16"]
[Round "8"]
[White "Titz,Hei"]
[Black "Sepetavc,W"]
[Result "1-0"]
[WhiteElo "2161"]
[BlackElo "1999"]

1.c4 e5 2.g3 Nf6 3.Bg2 Nc6 4.Nc3 Bc5 5.e3 d6 6.Nge2 Bg4 7.h3 Bd7 8.O-O O-O
9.d4 exd4 10.exd4 Bb6 11.Be3 Qc8 12.Kh2 h6 13.a3 a5 14.Rc1 Re8 15.Nf4 Bf5
16.Nfd5 Nxd5 17.Nxd5 Ba7 18.b4 axb4 19.axb4 Ne7 20.Nxe7+ Rxe7 21.Ra1 c6 22.Qa4 d5
23.c5 Bd3 24.Rfc1 Qe8 25.Qd1 Ba6 26.Rc3 Bb8 27.b5 cxb5 28.Bxd5 Bc7 29.Qf3 b4
30.Rb3 Qb5 31.Rab1 Ba5 32.Bd2 Rae8 33.Bxb4 Bxb4 34.Rxb4 Qa5 35.Bc4 Bxc4 36.Rxc4 Qa2
37.Rcb4 Qd2 38.Kg2 Rd7 39.R1b2 Qc1 40.Rxb7 Rde7 41.Rxe7 Rxe7 42.Rb8+ Kh7
43.Qf5+ g6 44.Qf6  1-0

[Event "Oberwart Open"]
[Site "Oberwart AUT"]
[Date "2011.07.16"]
[Round "8"]
[White "Diermair,A"]
[Black "Radnetter,G"]
[Result "0-1"]
[WhiteElo "2432"]
[BlackElo "2257"]

1.c4 e5 2.g3 Nf6 3.Bg2 d5 4.cxd5 Nxd5 5.Nc3 Nb6 6.Nf3 Nc6 7.O-O Be7 8.a3 O-O
9.b4 Be6 10.Rb1 f6 11.d3 a5 12.b5 Nd4 13.Nd2 Nd5 14.Bb2 Nxc3 15.Bxc3 Bd5
16.Bxd4 Bxg2 17.Kxg2 Qd5+ 18.Nf3 exd4 19.Qa4 Bc5 20.Rfc1 Rfe8 21.Kf1 b6 22.Qc4 Qxc4
23.Rxc4 Bxa3 24.Nxd4 Bc5 25.Nb3 Bd6 26.Ra4 Re5 27.Nd4 Rae8 28.e3 Rd5 29.Ke2 Bb4
30.Nc6 Rxb5 31.d4 Re6 32.Nxb4 c5 33.d5 Rd6 34.e4 cxb4 35.Kd3 Rc5 36.Ra2 Rc3+
37.Ke2 Kf7 38.Rd2 Rd7 39.Rd3 Rc2+ 40.Ke3 Ke7 41.f4 Rc5 42.g4 Kd6 43.Kd4 Re7
44.Rdd1 b5 45.Rdc1 Rc4+ 46.Rxc4 bxc4 47.Re1 c3 48.e5+ Kd7 49.Re2 Re8 50.Kc4 Rc8+
51.Kd3 b3 52.e6+ Ke7 53.Kd4  0-1

[Event "XIII Gdansk Open"]
[Site "Gdansk POL"]
[Date "2011.07.17"]
[Round "1.11"]
[White "Machlowski,S"]
[Black "Gebler,Szymon"]
[Result "1-0"]
[WhiteElo "2159"]
[BlackElo "1379"]

1.g3 e5 2.c4 Nf6 3.Bg2 Bc5 4.Nc3 d6 5.e3 Nc6 6.Nge2 Bb4 7.Nd5 Nxd5 8.cxd5 Ne7
9.Qa4+ Qd7 10.Qxb4 O-O 11.O-O Qf5 12.d4 e4 13.Nc3 Nxd5 14.Nxd5 Qxd5 15.b3 Qc6
16.Ba3 Re8 17.Rac1 Qd7 18.d5 Qf5 19.Rfd1 Re7 20.Rd4 a5 21.Qc4 b5 22.Qxb5 c5
23.Rd2 Ba6 24.Qc6 Bb7 25.Qxd6 Rd7 26.Qxc5 Rxd5 27.Rxd5 Bxd5 28.Rd1 Rd8 29.Qxa5 Rd7
30.Qc5 Rd8 31.Bb4 Rc8 32.Qxd5 Qxd5 33.Rxd5 Rc1+ 34.Bf1 Rc8 35.Re5  1-0

[Event "Oberwart Open"]
[Site "Oberwart AUT"]
[Date "2011.07.17"]
[Round "9"]
[White "Schneider Zinner,H"]
[Black "Milanovic,Da"]
[Result "0-1"]
[WhiteElo "2346"]
[BlackElo "2515"]

1.g3 e5 2.c4 Nc6 3.Nc3 Bc5 4.Bg2 a6 5.e3 d6 6.Nge2 Nge7 7.a3 O-O 8.b4 Ba7
9.Bb2 Bf5 10.d4 Qd7 11.Nd5 Bg4 12.h3 Bxe2 13.Kxe2 exd4 14.Nxe7+ Qxe7 15.Bxc6 bxc6
16.Bxd4 Qe6 17.Bxa7 Rxa7 18.Qd4 Rb7 19.c5 d5 20.Qg4 f5 21.Qf4 Re8 22.Rhd1 Qf6
23.Qd4 Qh6 24.h4 Re4 25.Qd3 Rb5 26.f3 Re5 27.Qc3 Re6 28.Rd4 Rb8 29.Re1 Rbe8
30.Kd2 Qg6 31.g4 fxg4 32.Rxg4 Qf6 33.Qxf6 Rxf6 34.Reg1 Re7 35.f4 Kf8 36.h5 Rfe6
37.R1g3 Re4 38.Kd3 Rf7 39.h6 g6 40.Rh4 Rf6 41.Rh1 Kf7 42.Rb1 Ke7 43.a4 Kd7
44.b5 Rxa4 45.bxa6 Rxa6 46.Rb8 Ra3+ 47.Kd2 d4 48.Rg8 Re6 49.Rg7+ Kc8 50.Rxh7 dxe3+
51.Ke1 Ra1+ 52.Ke2 Ra2+ 53.Ke1 e2 54.Rh8+ Kd7  0-1

[Event "4th d'Ille-et-Vilain Open"]
[Site "Rennes FRA"]
[Date "2011.07.17"]
[Round "2.6"]
[White "Schmouchkovitch,M"]
[Black "Pytel,K"]
[Result "1/2-1/2"]
[WhiteElo "1964"]
[BlackElo "2314"]

1.c4 e5 2.g3 c6 3.d4 Bb4+ 4.Bd2 Bxd2+ 5.Qxd2 d6 6.Bg2 Nf6 7.Nc3 O-O 8.e3 Qe7
9.Nge2 Bf5 10.O-O Nbd7 11.Rad1 Rfe8 12.b3 e4 13.b4 h5 14.h4 Ng4 15.Nf4 g5
16.hxg5 Qxg5 17.Nce2 Nb6 18.Rc1 h4 19.Bh3 d5 20.cxd5 Nxd5 21.Rc5 Rad8 22.Kg2 Nh6
23.Rh1 Rd6 24.Kf1 Kf8 25.gxh4 Qxh4 26.Ng3 Bxh3+ 27.Rxh3 Qd8  1/2-1/2

[Event "ch-PHI"]
[Site "Manila PHI"]
[Date "2011.07.18"]
[Round "5"]
[White "Garcia,Jan"]
[Black "Torre,E"]
[Result "0-1"]
[WhiteElo "2404"]
[BlackElo "2491"]

1.c4 e5 2.g3 Nc6 3.Bg2 Bc5 4.Nc3 d6 5.e3 a6 6.Nge2 Nge7 7.O-O O-O 8.a3 Ba7
9.d3 Bf5 10.b4 Qd7 11.Re1 Bh3 12.Bh1 Nf5 13.b5 axb5 14.cxb5 Nd8 15.Rb1 Bb6
16.Rb3 Ne7 17.d4 Be6 18.Rb1 f6 19.a4 Kh8 20.Ba3 Ra7 21.Rb2 Nf7 22.Qd2 Bg4
23.f3 Bh3 24.Bb4 Rfa8 25.Rbb1 exd4 26.Nxd4 Ne5 27.Qe2 Be6 28.Red1 Re8 29.a5 Bxa5
30.Bxa5 Rxa5 31.Nxe6 Qxe6 32.Rb4 Ra3 33.Rc1 Nd7 34.Re4 Qf7 35.Ra4 Rxa4 36.Nxa4 Ra8
37.Qd1 Qd5 38.Qxd5 Nxd5 39.e4 Rxa4 40.exd5 Nc5 41.b6 cxb6 42.Rb1 Kg8 43.Rxb6 Ra1+
44.Kg2 Ra6 45.Rb2 Kf7 46.g4 Ra1 47.h3 g5 48.Kh2 Ra3 49.Bg2 Rb3 50.Ra2 Nd3
51.Ra7 Nf4 52.Bf1 Kg6 53.Kg1 Nxd5 54.Bc4 Rb1+ 55.Kf2 Nf4 56.Ke3 d5 57.Bd3+ Nxd3
58.Kxd3 Rb3+ 59.Ke2 d4 60.Ra8 h5 61.gxh5+ Kxh5 62.Rh8+ Kg6  0-1

[Event "2nd Vaujany Open A"]
[Site "Vaujany FRA"]
[Date "2011.07.18"]
[Round "5.10"]
[White "Horvath,Jo1"]
[Black "Kovacs,Laj2"]
[Result "1-0"]
[WhiteElo "2535"]
[BlackElo "2225"]

1.c4 e5 2.g3 Nc6 3.Bg2 g6 4.Nc3 f5 5.d3 Bg7 6.e4 d6 7.Nge2 Nge7 8.O-O O-O
9.Rb1 a5 10.Be3 Rb8 11.Qd2 Be6 12.Nd5 b6 13.a3 Qd7 14.Bg5 Nc8 15.b4 axb4
16.axb4 Nd8 17.b5 Nb7 18.Nec3 Nc5 19.exf5 Bxf5 20.Ne4 Nxe4 21.dxe4 Be6 22.Ra1 c6
23.bxc6 Qxc6 24.Rfc1 Rf7 25.Rab1 Qe8 26.Rb4 Qf8 27.Rcb1 Rfb7 28.h4 Qf7 29.R1b3 Qf8
30.Be3 Ne7  1-0

[Event "ch-PHI"]
[Site "Manila PHI"]
[Date "2011.07.20"]
[Round "8"]
[White "Ranola,Y"]
[Black "Torre,E"]
[Result "0-1"]
[WhiteElo "2377"]
[BlackElo "2491"]

1.c4 e5 2.g3 Nc6 3.Bg2 Bc5 4.Nc3 d6 5.Nf3 Nge7 6.O-O O-O 7.a3 a6 8.d3 Ba7
9.b4 h6 10.Bb2 Be6 11.Rc1 Qd7 12.e3 Rae8 13.Re1 Bg4 14.Qc2 Ng6 15.Nd5 Nd8
16.b5 c6 17.b6 Bb8 18.Nc3 Ne6 19.Nb1 Qd8 20.d4 e4 21.Nfd2 d5 22.cxd5 cxd5
23.Nc3 Ng5 24.Qb3 Be6 25.a4 f5 26.Ne2 Rf6 27.Nf4 Bf7 28.a5 Ne7 29.Ba3 Nc6
30.Qa4 Nh7 31.f3 g5 32.fxe4 gxf4 33.e5 fxe3 34.Nf3 Rg6 35.Nh4 Rg4 36.Nxf5 Qg5
37.Nxe3 Rxd4 38.Qc2 Nxe5 39.Bb2 Rd3 40.Nf1 Bg6 41.Qc5 Nf6 42.Bd4 Be4 43.Be3 Qg6
44.Rcd1 Bxg2 45.Kxg2 Qe4+  0-1

[Event "4th d'Ille-et-Vilain Open"]
[Site "Rennes FRA"]
[Date "2011.07.20"]
[Round "6.6"]
[White "Adrian,C"]
[Black "Maulana,Kahfi"]
[Result "0-1"]
[WhiteElo "2291"]
[BlackElo "1951"]

1.c4 e5 2.g3 Nf6 3.Bg2 d5 4.cxd5 Nxd5 5.Nf3 Nc6 6.O-O Be7 7.d4 exd4 8.Nxd4 Nxd4
9.Qxd4 Nf6 10.Qa4+ c6 11.Rd1 Nd7 12.Nc3 O-O 13.Be3 Qc7 14.Rac1 Nb6 15.Qa5 Be6
16.Ne4 Qc8 17.b3 Nd5 18.Bd4 Bb4 19.Qa4 b5  0-1

[Event "4th d'Ille-et-Vilain Open"]
[Site "Rennes FRA"]
[Date "2011.07.20"]
[Round "6.7"]
[White "Schmouchkovitch,M"]
[Black "Serralta,M"]
[Result "1-0"]
[WhiteElo "1964"]
[BlackElo "2122"]

1.c4 e5 2.g3 Nc6 3.Bg2 g6 4.Nc3 Bg7 5.e4 d6 6.Nge2 f5 7.d3 Nh6 8.h4 Nf7 9.Nd5 O-O
10.Qc2 a5 11.Bd2 Qd7 12.Bh3 Nfd8 13.h5 Qf7 14.hxg6 hxg6 15.exf5 gxf5 16.O-O-O Ne6
17.Be3 Nb4 18.Nxb4 axb4 19.Kb1 b5 20.Bg2 Ra5 21.Bd2 bxc4 22.dxc4 c5 23.Bd5 Bb7
24.Bh6 Bxd5 25.Rxd5 Rfa8 26.Bxg7 Kxg7 27.Nc1 Nd4 28.Qd2 Qg6 29.f4 e4 30.Qh2 R5a6
31.Qh4 Re8 32.Nb3 Nf3 33.Qh3 e3 34.Nc1 e2 35.Nxe2 Rxe2 36.Qh8+ Kf7 37.Rh7+ Qxh7
38.Qxh7+ Ke8 39.Qh5+ Kd7 40.Qxf3 Re4 41.b3 Ra8 42.Qh5 Rae8 43.Qxf5+ Kc6 44.Rd1 R8e6
45.Qd5+ Kb6 46.f5 R6e5 47.Qxd6+ Ka5 48.Qc7+ Ka6 49.Rd6+  1-0

[Event "20th ch-MKD Open"]
[Site "Struga MKD"]
[Date "2011.07.20"]
[Round "5"]
[White "Vladimirov,V MKD"]
[Black "Sekulovska,V"]
[Result "1-0"]
[WhiteElo "2162"]
[BlackElo "2130"]

1.g3 e5 2.c4 Nf6 3.Bg2 Be7 4.Nc3 c6 5.Nf3 d6 6.O-O Nbd7 7.Qc2 a5 8.d4 Qc7
9.Rd1 O-O 10.b3 Re8 11.Bb2 Bf8 12.e3 g6 13.Rd2 Nh5 14.g4 Ng7 15.Rad1 exd4
16.Rxd4 Nc5 17.Ng5 f5 18.gxf5 Nxf5 19.Nce4 Bg7 20.Nxd6 Nxd6 21.Rxd6 Bf5 22.Qc1 Bf8
23.Qc3 Bg7 24.Qxg7+ Qxg7 25.Bxg7 Kxg7 26.e4 Bg4 27.f3 h6 28.Nh3 Bxh3 29.Bxh3 Re7
30.Rd8 Rxd8 31.Rxd8 Kf6 32.Kf2 g5 33.Rd6+ Ke5 34.Rxh6 Nd3+ 35.Ke3 Nb4 36.Rg6 Nc2+
37.Kf2 Nb4 38.Rxg5+ Kd4 39.Rxa5 Nd3+ 40.Kg3 Rg7+ 41.Bg4 Ne5 42.h3 c5 43.Ra8 Nd3
44.h4 Ke3 45.h5 Nf4 46.Rh8 Ne2+ 47.Kh4 Nf4 48.Rf8 b6 49.Rf5 Ra7 50.a4 Ne2
51.h6 Nd4 52.Rh5  1-0

[Event "III Corporation Cup A"]
[Site "Izhevsk RUS"]
[Date "2011.07.21"]
[Round "6"]
[White "Volodin,I"]
[Black "Shaidullina,S"]
[Result "0-1"]
[WhiteElo "2253"]
[BlackElo "2158"]

1.c4 e5 2.g3 Nf6 3.Bg2 c6 4.d4 exd4 5.Qxd4 d5 6.Nf3 dxc4 7.Qxc4 Be6 8.Qc2 Na6
9.a3 Nc5 10.Nbd2 a5 11.b3 a4 12.bxa4 Rxa4 13.O-O Be7 14.Rd1 O-O 15.Bb2 Qc8
16.Ng5 Bf5 17.e4 Bg6 18.f3 Nd5 19.Nf1 b5 20.Nh3 Rc4 21.Qe2 Nc3 22.Bxc3 Rxc3
23.f4 Nxe4 24.Bxe4 Qxh3 25.Bxg6 Bc5+ 26.Kh1 hxg6 27.Qe5 Rc2 28.Rd2 Rc4 29.Ne3 f6
30.Qc7 Bxe3 31.Rd7 Rc2  0-1

[Event "4th Paleohora Open"]
[Site "Paleochora GRE"]
[Date "2011.07.21"]
[Round "2"]
[White "Pogosian,Vl"]
[Black "Zubarev,Al1"]
[Result "0-1"]
[WhiteElo "2189"]
[BlackElo "2597"]

1.c4 e5 2.g3 Nc6 3.Bg2 Bc5 4.e3 Nf6 5.Nc3 O-O 6.Nge2 d6 7.a3 a6 8.d3 Ba7
9.b4 Bf5 10.Nd5 Nxd5 11.cxd5 Ne7 12.Bb2 Qd7 13.h3 c6 14.g4 Bg6 15.dxc6 Nxc6
16.Ng3 f6 17.h4 Bf7 18.Be4 Be6 19.Bf5 Ne7 20.Qf3 Nxf5 21.gxf5 Bf7 22.O-O Rfc8
23.Rac1 d5 24.Qg4 Kh8 25.d4 e4 26.h5 Rxc1 27.Bxc1 Rc8 28.Kh1 Bb8 29.Ne2 g5
30.h6 Rc2 31.Ng3 Qc6 32.Qd1 Bxg3 33.fxg3 Qc4 34.Bd2 Rxd2 35.Qxd2 Qxf1+ 36.Kh2 Bh5
37.Qc2 Qe2+  0-1

[Event "Czech Open G Rapid"]
[Site "Pardubice CZE"]
[Date "2011.07.21"]
[Round "8.9"]
[White "Talla,V"]
[Black "Gutman,G"]
[Result "1/2-1/2"]
[WhiteElo "2427"]
[BlackElo "2501"]

1.c4 e5 2.g3 Nf6 3.Bg2 c6 4.d4 exd4 5.Qxd4 d5 6.Nc3 dxc4 7.Qxc4 Be6 8.Qa4 Nbd7
9.Nf3 Be7 10.O-O O-O 11.Qc2 h6 12.b3 c5 13.Bb2 Rc8 14.e4 Qa5 15.e5 Ng4 16.h3 Ndxe5
17.Nxe5 Nxe5 18.f4 Nc6 19.f5 Nd4 20.Qe4 Nxf5 21.Rxf5 Bxf5 22.Qxf5 Bf6  1/2-1/2

[Event "Najdorf Memorial"]
[Site "Warsaw POL"]
[Date "2011.07.21"]
[Round "7"]
[White "Nguyen,P"]
[Black "Nasuta,G"]
[Result "1-0"]
[WhiteElo "2378"]
[BlackElo "2237"]

1.c4 e5 2.g3 Nf6 3.Bg2 d5 4.cxd5 Nxd5 5.Nc3 Nb6 6.Nf3 Nc6 7.O-O Be7 8.a4 a5
9.Nb5 Be6 10.d4 e4 11.Ne1 f5 12.f3 exf3 13.Bxf3 Qd7 14.Bf4 O-O 15.Nxc7 Rad8
16.Nxe6 Qxe6 17.Nc2 Nd5 18.Qd3 Bf6 19.Bd2 Rfe8 20.e3 Bg5 21.Rae1 Ncb4 22.Nxb4 Nxb4
23.Bxb4 axb4 24.e4 Qb6 25.exf5 Rxe1 26.Rxe1 Bf6 27.Qc4+ Kf8 28.Kg2 Qxd4 29.Qe6 Qc5
30.Re2 b6 31.Bh5 Qe7 32.Qc6  1-0

[Event "III Corporation Cup A"]
[Site "Izhevsk RUS"]
[Date "2011.07.22"]
[Round "7"]
[White "Vasilevich,I"]
[Black "Balaian,Ali"]
[Result "1-0"]
[WhiteElo "2367"]
[BlackElo "2163"]

1.c4 e5 2.g3 Nc6 3.Bg2 g6 4.Nc3 Bg7 5.d3 d6 6.Rb1 Be6 7.b4 Qd7 8.b5 Nd8 9.a4 Ne7
10.Qb3 O-O 11.h4 h6 12.h5 g5 13.e4 f5 14.exf5 Nxf5 15.Nge2 Qf7 16.Ne4 Ne7
17.a5 d5 18.cxd5 Bxd5 19.Qc2 Bxe4 20.Bxe4 Qxf2+ 21.Kd1 Ne6 22.Qc4 Qf7 23.Ba3 Rfe8
24.Kd2 Nd8 25.Qxf7+ Kxf7 26.a6 Rb8 27.Rhc1 bxa6 28.Rxc7 Ke6 29.Nc3 axb5 30.Nxb5 Bf8
31.Nd4+ exd4 32.Rxb8 Nf5 33.Bxf8 Rxf8 34.Bxf5+ Kxf5 35.Rcc8 Kg4 36.Rxd8 Rf2+
37.Ke1 Rh2 38.Rxd4+ Kxg3 39.Rh8 Rxh5 40.Rd6 Rh1+ 41.Ke2 h5 42.d4 g4 43.Rg6 a5
44.d5 a4 45.d6 a3 46.d7 a2 47.Ra6  1-0

[Event "ch-PHI"]
[Site "Manila PHI"]
[Date "2011.07.22"]
[Round "11"]
[White "Garcia,Jan"]
[Black "Antonio,R"]
[Result "1/2-1/2"]
[WhiteElo "2404"]
[BlackElo "2565"]

1.c4 e5 2.g3 Nf6 3.Bg2 Nc6 4.Nc3 Bb4 5.Nd5 Bd6 6.d3 Nxd5 7.cxd5 Ne7 8.d4 O-O
9.dxe5 Bxe5 10.Nf3 Bf6 11.O-O d6 12.e4 c5 13.dxc6 Nxc6 14.Qc2 Qb6 15.Rd1 Nd4
16.Nxd4 Bxd4 17.Bf4 Be6 18.Qd2 Bc5 19.Bxd6 Bxd6 20.Qxd6 Qxb2 21.e5 Rab8 22.a4 b6
23.a5 g6 24.a6 Rbc8 25.Rab1 Qa2 26.Ra1 Qb2 27.Rab1 Qe2 28.Bf1 Qf3 29.Bg2 Qe2
30.Bf1 Qf3 31.Bg2 Qf5 32.Rb2 Rc5 33.Re1 Ra5 34.Bf1 Bd5 35.Qf6 Re8 36.Qxf5 gxf5
37.f4 Rc8 38.Rd2 Be6 39.Bg2 Kg7 40.Bb7 Rc4 41.Kf2 Rca4 42.Rc1 Ra2 43.Rxa2 Rxa2+
44.Ke3 h5 45.h4 Ra3+ 46.Kf2 Ra4 47.Rd1 b5 48.Rb1 b4 49.Ke3 b3 50.Kd3 Ra2
51.Kc3 Re2 52.Kd4 Rc2 53.Bf3 Rf2 54.Bxh5 Rg2 55.Bf3 Rd2+ 56.Kc3 Rc2+ 57.Kd4 Rd2+
58.Kc3  1/2-1/2

[Event "4th d'Ille-et-Vilain Open"]
[Site "Rennes FRA"]
[Date "2011.07.22"]
[Round "9.9"]
[White "Civit,P"]
[Black "Aubry,Y"]
[Result "1-0"]
[WhiteElo "1922"]
[BlackElo "2073"]

1.c4 e5 2.g3 Nf6 3.Bg2 d5 4.cxd5 Nxd5 5.Nf3 Nc6 6.O-O Nb6 7.Nc3 Be7 8.a4 a5
9.d4 exd4 10.Nb5 O-O 11.Nfxd4 Nxd4 12.Qxd4 Qxd4 13.Nxd4 c6 14.b3 Bf6 15.Be3 c5
16.Nb5 Bxa1 17.Rxa1 Nd7 18.Rd1 Re8 19.Nc7 Rxe3 20.fxe3 Rb8 21.Bh3 Kf8 22.Bxd7 Ke7
23.Bxc8 Rxc8 24.Nd5+ Ke6 25.Nb6 Rc6 26.Nc4 Rc8 27.Rd6+ Ke7 28.Rb6  1-0

[Event "15th Godesburg Open"]
[Site "Bad Godesberg GER"]
[Date "2011.07.23"]
[Round "1.12"]
[White "Schwab,Wolfgang"]
[Black "Zentgraf,R"]
[Result "0-1"]
[WhiteElo "1753"]
[BlackElo "2136"]

1.c4 e5 2.g3 Nf6 3.Bg2 d5 4.cxd5 Nxd5 5.Nc3 Nb6 6.Nf3 Nc6 7.O-O Be7 8.e3 Be6
9.d4 exd4 10.Nxd4 Nxd4 11.Qxd4 Qxd4 12.exd4 O-O-O 13.Bf4 c6 14.Rad1 Bf6 15.Be5 Bxe5
16.dxe5 Nc4 17.b3 Nxe5 18.Rfe1 Rxd1 19.Rxd1 Bg4 20.Re1 Ng6 21.h3 Be6 22.Ne4 Rd8
23.Ng5 Nf8 24.Nxe6 Nxe6 25.Re2 Kc7 26.h4 Rd1+ 27.Kh2 Kd6 28.Be4 g6 29.f4 Nd4
30.Rf2 f5 31.Bg2 Kc5 32.Bf1 b5 33.Kg2 Kb4 34.Kh3 h5 35.Bg2 Kc3 36.Bf3 Rd2
37.Rf1 Rxa2 38.Bg2 a5 39.Rc1+ Rc2 40.Ra1 Kb4 41.Rd1 Kc5 42.Rd3 Re2 43.Bf1 Re6
44.Kg2 Rd6 45.Kf2 Kb4 46.Ke3 Nc2+ 47.Kd2 Rxd3+ 48.Bxd3 Nd4  0-1